00478nam a2200193 a 4500001001300000003000900013005001700022008004100039020000800080082001900088100002500107245001800132260003100150300000900181500003500190505001000225650002400235700002500259nice12345678IN_TiNIC20260116011440.0050524s0000 kara grp 000 0 urd  ac200a297.12407bNAD aNadvi, Abdul Qaiyyum aFahm-E-Hadees aKarachibTaj Co. Ltdc0000 a171p aincludes index and biblioraphy2 aIndex aHadith-Commentaries1 aNadvi, Abdul Qaiyyum